Smoothies : 240 najlepších slovenských receptov na smoothies pre deti a ich mamičky /

Hlavní autor: Mengerová, Olga
Další autoři: Poláček, Jiří, jr., 1975-, Orekhova, Valentina, Cániková, Andrea
Jazyk: Slovenština
Vydáno: Praha : Ottovo nakladatelství, 2019
Témata:
Fyzický popis: 192 stran : barevné ilustrace ; 27 cm
Language note: Slovenský text
Knihy
Uloženo v:
LEADER 01599nam a2200433 i 4500
001 nkc20183021560
003 CZ PrNK
005 20190123114253.0
007 ta
008 181012s2019 xr a e f 000 0 slo
015 |a cnb003021560 
020 |a 978-80-7451-715-0  |q (vázáno) 
035 |a (OCoLC)1065770410 
040 |a ABA001  |b cze  |e rda 
041 1 |a slo  |h cze 
072 7 |a 641  |x Kuchařství. Potraviny. Vařená jídla  |2 Konspekt  |9 19 
080 |a 641.87:663.81  |2 MRF 
080 |a (083.12)  |2 MRF 
100 1 |a Mengerová, Olga  |7 jn20010310342  |4 aut 
245 1 0 |a Smoothies :  |b 240 najlepších slovenských receptov na smoothies pre deti a ich mamičky /  |c Olga Mengerová ; fotografie: Jiří Poláček, Valentina Orekhova ; preklad: Andrea Cániková 
264 1 |a Praha :  |b Ottovo nakladatelství,  |c 2019 
300 |a 192 stran :  |b barevné ilustrace ;  |c 27 cm 
336 |a text  |b txt  |2 rdacontent 
336 |a statický obraz  |b sti  |2 rdacontent 
337 |a bez média  |b n  |2 rdamedia 
338 |a svazek  |b nc  |2 rdacarrier 
500 |a Přeloženo z češtiny 
546 |a Slovenský text 
650 0 7 |a smoothies  |7 ph897748  |2 czenas 
650 0 9 |a smoothies  |2 eczenas 
655 7 |a kuchařské recepty  |7 fd132687  |2 czenas 
655 9 |a cookbooks  |2 eczenas 
700 1 |a Poláček, Jiří,  |c jr.,  |d 1975-  |7 jo2016929824  |4 pht 
700 1 |a Orekhova, Valentina  |4 pht 
700 1 |a Cániková, Andrea  |7 xx0142449  |4 trl 
910 2 |a BOA001  |b 3-1420.556 
990 |a BK 
995 |a 01 
996 6 |b 2610765787  |c 3-1420.556  |l MZK  |r Sklad / do 1 hodiny  |n 0  |p p.v.  |w 001701739  |u 000010  |a 1  |e BOA001  |j MZK50  |s P